00874nam a2200253Ia 4500003000400000005001700004008004100021020001800062040001800080041000800098082001800106100003400124245008100158250001200239260005000251300001900301650003100320650003100351650003200382650003200414942002500446999001900471952013000490OSt20241015141043.0210716s2001 xx 000 0 und d a9788173194580 cAIMIT LIBRARY aeng a005.73 bMCCJ aMcConnell, Jeffrey J.9182005 aAnalysis of algorithms:bactive learning approach /cBy Jeffrey J McConnell. a1st ed. aNew Delhi :bNarosa Publishing House ,c2001. axv,297 p.;bPB aSorting algorithms9182006 aNumeric algorithms9182007 aMatching algorithms9182008 aParallel algorithms9182009 2ddccBKk005.73 MCCJ c185819d185819 001040708MCAaAIMITbAIMITeSita Book Houseg275.00l0o005.73 MCCJpMCA05327r2026-05-23 00:00:00v233.75w2021-07-16yBK